Central Library OPAC University of Rajshahi

US-Bangladesh relations : (Record no. 42212)

MARC details
000 -LEADER
fixed length control field 01005nam a2200277 a 4500
001 - CONTROL NUMBER
control field 42212
003 - CONTROL NUMBER IDENTIFIER
rucl marc code BD-RjUL
005 - DATE AND TIME OF LATEST TRANSACTION
control field 20211209053516.0
008 - FIXED-LENGTH DATA ELEMENTS--GENERAL INFORMATION
fixed length control field 160611s1984 ii a b 001 0 eng
020 ## - INTERNATIONAL STANDARD BOOK NUMBER
International Standard Book Number 0836407822 :
035 ## - SYSTEM CONTROL NUMBER
System control number (BD-RjUL)42330
040 ## - CATALOGING SOURCE
Original cataloging agency DLC
Transcribing agency DLC
Modifying agency DLC
-- BD-RjUL
Language of cataloging eng
041 ## - LANGUAGE CODE
Language code of text/sound track or separate title eng
082 00 - DEWEY DECIMAL CLASSIFICATION NUMBER
Classification number 327.7305492
Edition number 23
Author mark and year BIU 1984
100 1# - MAIN ENTRY--PERSONAL NAME
Personal name Biswas, Jayasree
Dates associated with a name 1956-
9 (RLIN) 129816
245 10 - TITLE STATEMENT
Title US-Bangladesh relations :
Remainder of title a study of the political and economic development during 1971-81 /
Statement of responsibility, etc. Jayasree Biswas
260 ## - PUBLICATION, DISTRIBUTION, ETC. (IMPRINT)
Place of publication, distribution, etc. Calcutta, India :
Name of publisher, distributor, etc. Minerva,
Date of publication, distribution, etc. 1984.
300 ## - PHYSICAL DESCRIPTION
Pagination 110 p. :
Illustrations ill ;
Size 22 cm.
500 ## - GENERAL NOTE
General note Includes index.
504 ## - BIBLIOGRAPHY, ETC. NOTE
Bibliography, etc Bibliography: p. [104]-107.
651 #0 - SUBJECT ADDED ENTRY--GEOGRAPHIC NAME
Geographic name United States
General subdivision Foreign relations
Geographic subdivision Bangladesh.
9 (RLIN) 129817
Geographic name Bangladesh
General subdivision Foreign relations
Geographic subdivision United States.
9 (RLIN) 129818
Geographic name United States
General subdivision Foreign economic relations
Geographic subdivision Bangladesh.
9 (RLIN) 129819
Geographic name Bangladesh
General subdivision Foreign economic relations
Geographic subdivision United States.
9 (RLIN) 129820
942 ## - ADDED ENTRY ELEMENTS (KOHA)
Source of classification or shelving scheme Dewey Decimal Classification
Koha item type Books
Holdings
Lost status Source of classification or shelving scheme Damaged status Not for loan Collection code Permanent Location Current Location Shelving location Date acquired Source of acquisition Cost, normal purchase price Total Checkouts Full call number Date last seen Copy number Koha item type
  Dewey Decimal Classification     Non-fiction Central Library, University of Rajshahi Central Library, University of Rajshahi   18/06/1989 Karim 50.00   327.7305492 BIU 1984 11/06/2016 C-2 Books
  Dewey Decimal Classification     Non-fiction Central Library, University of Rajshahi Central Library, University of Rajshahi   27/02/2006 dhaka paragon enterprise 50.00   327.7305492 BIU 1984 09/08/2016 C-3 Books
  Dewey Decimal Classification     Non-fiction Central Library, University of Rajshahi Central Library, University of Rajshahi   27/02/2006 dhaka paragon enterprise 50.00   327.7305492 BIU 1984 09/08/2016 C-4 Books